000 00449nam a2200193Ia 4500
005 20240823041806.0
008 240823s9999||||xx |||||||||||||| ||und||
041 _aENGLISH
082 _A420 M9
100 _aDas B K
245 2 _aA Remedial Course in Englisj for Colleges Book3
250 _a1st
260 _c1989
_b#VALUE!
500 _aTRANSFERED
650 _aGeneral
_bGeneral
700 _a David A.
942 _cBK
999 _c206344
_d206344